000 00909nam a2200289 a 4500
001 BRL_335
005 20190320210707.0
008 300713s1989----mx-ab#####---#000-0#spa-#
020 _a9681633164
041 _aspa
044 _amx
050 4 _aF1435.3.M3
_b.R89 1989
100 1 _aRuz Lhuillier, Alberto
_d1906-1979
_923585
245 1 0 _aCostumbres funerarias de los antiguos mayas
_cAlberto Ruz Lhuillier.
250 _a2
260 _aMéxico
_bFCE
_c1989
300 _a369 p.
_bil., 6 h. plegables, mapas, planos
_c21 cm.
440 0 _aSección de obras de antropología
_923586
500 _aIncluye lista de ilustraciones
500 _aAu322
504 _aBibliografía : p. 281-310
650 1 4 _aMayas
_xAntigüedades
_99555
650 1 4 _aIndígenas de México
_xRitos fúnebres
_923587
650 1 4 _aIndígenas de América Central
_xRitos fúnebres
_923588
902 _aGRL
942 _2lcc
_cB
999 _c9148
_d9148